| 000 | 00557nam a2200169 i 4500 | ||
|---|---|---|---|
| 001 | 55280 | ||
| 003 | ES-MaACL | ||
| 005 | 20230906163119.0 | ||
| 007 | t| | ||
| 008 | 030917s1934 fr ||||1| fre d | ||
| 100 | 1 |
_aDemogue, Jean. _943657 |
|
| 245 | 1 | 3 |
_aLe crédit documentaire en droit anglais / _cpar Jean Demogue ; préface de M.H.C. Gutteridge. |
| 260 |
_aParis : _bRousseau et Cie, _c1934 ( _eSaint-Dizier (Haute-Marne) : _fAndré Brulliard) |
||
| 300 |
_aVII, 339 p. ; _c25 cm. |
||
| 700 | 1 |
_aGutteridge, M. H. C. _961250 |
|
| 852 |
_aES-MaACL _jA-4285 |
||
| 999 |
_c55280 _d55280 |
||